NFL players by photo - Statistics

General Stats
  • This quiz has been taken 166 times
  • The average score is 10 of 16
Answer Stats
Picture Answer % Correct
Patrick Mahomes
98%
Aaron Donald
95%
Nick Bosa
92%
Deshaun Watson
89%
Aaron jones
86%
Terry McLaurin
72%
Darren Waller
69%
Patrick Surtain
66%
Dallas Goedert
61%
Budda Baker
58%
Tyron Smith
50%
Chris Carson
44%
Sammy Watkins
41%
Minkah Fitzpatrick
37%
TJ Hockenson
33%
Foyesade Oluokun
6%
No matching quizzes found
Score Distribution
Percent of People with Each Score
Percentile by Number Answered
Your Score History
You have not taken this quiz